Statistiken für Gemeinden von Leibnitz

Klicken Sie hier um das Quiz zu spielen!

Allgemein

  • Dieses Quiz wurde 136 mal gespielt
  • Das Durchschnittsergebnis liegt bei 12 aus 29

Antwortstatistiken

EinwohnerGemeinde% Korrekt
12.374Leibnitz
98%
5.423Wildon
72%
4.859Straß in Steiermark
70%
6.015Wagna
64%
2.544Ehrenhausen an der Weinstraße
57%
3.676Leutschach an der Weinstraße
53%
2.182Lebring-St. Margarethen
51%
2.251Großklein
49%
3.207Gamlitz
45%
1.531St. Georgen an der Stiefing
45%
3.300Tillmitsch
43%
1.491Allerheiligen bei Wildon
40%
2.511Gralla
40%
1.345Lang
40%
2.278St. Nikolai im Sausal
40%
2.081Oberhaag
36%
1.731St. Andrä-Höch
36%
1.216Gabersdorf
32%
2.809Heiligenkreuz am Waasen
32%
1.949Heimschuh
32%
2.003St. Johann im Saggautal
32%
4.085St. Veit in der Südsteiermark
32%
2.796Gleinstätten
28%
987Arnfels
23%
1.462Hengsberg
23%
1.217Kitzeck im Sausal
23%
1.492Ragnitz
23%
2.302Schwarzautal
15%
1.385Empersdorf
11%

Verteilung der Resultate

Perzentil nach korrekt beantworteten Fragen

Anzahl Personen mit jedem Resultat

Ihre Resultats-Entwicklung

Sie haben dieses Quiz noch nicht gespielt